000 00256nam a2200109Ia 4500
008 220204s9999 xx 000 0 und d
082 _a82-3
_bBER
100 _aBergen, Fran
245 0 _aPrelude to passion
260 _aKent
_bSilhouette
_c1983
942 _cBK
999 _c37889
_d37889